Minister's service manual. (Record no. 8731)

000 -LEADER
fixed length control field 00675nam a2200205 a 4500
001 - CONTROL NUMBER
control field :::00006509$&:&@@
003 - CONTROL NUMBER IDENTIFIER
control field OkBaRHE
005 - DATE AND TIME OF LATEST TRANSACTION
control field 20000607103331.0
008 - FIXED-LENGTH DATA ELEMENTS--GENERAL INFORMATION
fixed length control field s1958 j 000 0 eng u
040 ## - CATALOGING SOURCE
Transcribing agency
100 1# - MAIN ENTRY--PERSONAL NAME
Personal name Hutton, Samuel Ward.
245 10 - TITLE STATEMENT
Title Minister's service manual.
260 ## - PUBLICATION, DISTRIBUTION, ETC. (IMPRINT)
Place of publication, distribution, etc Grand Rapids, MI., :
Name of publisher, distributor, etc Baker Book House
Date of publication, distribution, etc c1958
300 ## - PHYSICAL DESCRIPTION
Extent 224 p. ;
Dimensions 18 cm.
650 ## - SUBJECT ADDED ENTRY--TOPICAL TERM
Topical term or geographic name as entry element Funeral Service
650 ## - SUBJECT ADDED ENTRY--TOPICAL TERM
Topical term or geographic name as entry element Occasional Services
942 ## - ADDED ENTRY ELEMENTS (KOHA)
Source of classification or shelving scheme
Koha item type Books
Copies
Copy number Barcode Withdrawn status Permanent Location Shelving location Lost status Date acquired Not for loan Full call number Damaged status Source of classification or shelving scheme Date last seen Price effective from Koha item type
16509 RHEMA Bible Training CollegeGeneral Stacks 2010-04-14 BV 199 .H89  2010-04-142010-04-14Books
216574 RHEMA Bible Training CollegeGeneral Stacks 2010-04-14 BV 199 .H89  2010-04-142010-04-14Books